Il Diritto Romano nella formazione del giurista, oggi.
保存先:
| フォーマット: | 図書 |
|---|---|
| 言語: | イタリア語 |
| 出版事項: |
Milán, Italia
Giuffrè
1989
|
| シリーズ: | II Università degli Studi di Roma
|
| 主題: | |
| タグ: |
タグ追加
タグなし, このレコードへの初めてのタグを付けませんか!
|
MARC
| LEADER | 00000nam a2200000 a 4500 | ||
|---|---|---|---|
| 001 | UCO3842 | ||
| 003 | CL-VaPUC | ||
| 005 | 20211223074322.0 | ||
| 008 | 000728e19890000IT |||||||||||||||||ita|d | ||
| 999 | |c 289971 |d 289969 | ||
| 040 | |c Pontificia Universidad Católica de Valparaíso | ||
| 082 | 0 | 4 | |a 340.54 DIR 1989 |2 21 |
| 245 | 1 | 3 | |a Il Diritto Romano nella formazione del giurista, oggi. |
| 260 | 0 | 3 | |a Milán, Italia |b Giuffrè |c 1989 |
| 300 | |a 242 páginas. | ||
| 490 | 0 | |a II Università degli Studi di Roma | |
| 583 | |a last modification |c 20120418 11:08:28 |k Rodrigo Vera | ||
| 650 | 0 | |a Abogados |9 256284 | |
| 650 | 0 | |a Formación profesional |9 257232 | |
| 650 | 0 | |a Derecho romano |9 255930 | |
| 650 | 0 | |a Juristas |9 255986 | |
| 942 | |c BK |2 ddc | ||
| 945 | |d 20000728 00:00:00 |a vberengu | ||
| 952 | |0 0 |1 0 |2 ddc |4 0 |6 340_540000000000000_DIR_1989 |7 0 |8 X |9 338984 |a BIBDER |b BIBDER |d 2019-11-20 |i 3592170 |o 340.54 DIR 1989 |p 3592170 |r 2023-01-25 |t 1 |w 2019-11-20 |y BK_X |k DER | ||